Plantas medicinales de uso en Chile: química y farmacología
Uloženo v:
| Hlavní autor: | |
|---|---|
| Další autoři: | , |
| Médium: | Kniha |
| Jazyk: | španělština |
| Vydáno: |
Santiago
Universitaria
2001
|
| Edice: | Colección Textos Universitarios. Monografías
|
| Témata: | |
| Tagy: |
Přidat tag
Žádné tagy, Buďte první, kdo vytvoří štítek k tomuto záznamu!
|
MARC
| LEADER | 00000nam a2200000 a 4500 | ||
|---|---|---|---|
| 001 | UCN5988 | ||
| 003 | CL-VaPUC | ||
| 005 | 20220824074409.0 | ||
| 008 | 010913e20010000CL |||||||||||||||||spa|d | ||
| 999 | |c 297084 |d 297082 | ||
| 040 | |c Pontificia Universidad Católica de Valparaíso | ||
| 082 | 0 | 4 | |a 633.88 |b MUÑ |2 21 |
| 100 | |a Muñoz Muñoz, Orlando |e autor |9 870466 | ||
| 245 | 1 | 0 | |a Plantas medicinales de uso en Chile: química y farmacología |
| 260 | |a Santiago |b Universitaria |c 2001 | ||
| 300 | |a 330 p | ||
| 490 | 0 | |a Colección Textos Universitarios. Monografías | |
| 583 | |a last modification |c 20010913 00:00:00 |k Rodrigo Vera | ||
| 650 | 0 | |a Plantas medicinales |9 334373 | |
| 650 | 7 | |a MEDICINA POPULAR |2 CL-VaPUC |9 311908 | |
| 651 | 7 | |a CHILE |2 CL-VaPUC |9 461748 | |
| 700 | 0 | |a Montes, Marco |e autor |9 870467 | |
| 700 | 0 | |a Wilkomirsky, Tatiana |e autora |9 870468 | |
| 942 | |c BK |2 ddc | ||
| 945 | |d 20010913 00:00:00 |a vberengu | ||
| 952 | |0 0 |1 0 |4 0 |6 633_880000000000000_MUÑ_2001 |7 0 |8 A |9 351506 |a BIBEDU |b BIBEDU |d 2019-11-21 |i 375328K |o 633.88 MUÑ 2001 |p 375328K |r 2019-11-21 |w 2019-11-21 |y BK |k CUE | ||